Statistiques concernant Pays ayant changé de nom

Cliquez ici pour prendre le quiz!

Statistiques générales

  • Ce quiz a été pris 19 248 fois
    (11 485 depuis la dernière actualisation)
  • Le résultat moyen est 10 sur 20

Statistiques - réponses

Ancien nomNouveau nom% Correct
PerseIran
81%
BirmanieMyanmar
78%
ZaïreRép. dém. du Congo
74%
SwazilandEswatini
72%
Guyane HollandaiseSuriname
71%
Pakistan OrientalBangladesh
66%
SiamThaïlande
62%
Honduras BritanniqueBelize
53%
CeylanSri Lanka
52%
Rhodésie du SudZimbabwe
49%
Rhodésie du NordZambie
47%
KampuchéaCambodge
40%
AbyssinieEthiopie
40%
Haute-VoltaBurkina Faso
35%
Côte de l'OrGhana
33%
FormoseTaïwan
31%
DahomeyBénin
29%
Nouvelle-HollandeAustralie
20%
NyassalandMalawi
17%
Nouvelles-HébridesVanuatu
14%

Distribution des résultats

Percentile par nombre de réponses

% des personnes avec chaque résultat

Votre développement - résultats

Vous n’avez pas pris ce quiz depuis la dernière actualisation